00414nam a22001457a 450000500170000000800410001702000150005804100120007308200120008510000120009724500520010926000500016130000320021165000250024320240816072714.0240816b |||||||| |||| 00| 0 eng d a0406989850 aEnglish a349 ALL lEnglish aThe All England Law Reports: Annual Review 1998 aLondon: bButterworth and Company Ltd, c1999 bxxxix, 546 pages; c25 cm.  aLegal practice bLaw